000 00558nam a22001937a 4500
999 _c22957
_d22957
003 OSt
005 20210812154354.0
008 170215b xxu||||| |||| 00| 0 eng d
020 _a9781552392584
040 _aMMU
_beng
_cMMU
_dMMU
050 _a KE1345.B88 2008
100 _aYaden, Robert
245 _aBusinee organization principles,policies and practice/
_cRobert Yalden...[et al.].
260 _aToronto:
_bEmond Montgomery Pub.
_c2008.
300 _axiviii,1234 p.:
500 _aincludes index
650 _aorganizations
942 _2lcc
_cLOAN LOAN